00474nam a22001457a 4500003000400000005001700004008004100021040001400062100002300076245007700099260000900176300003000185500008000215504003300295OSt20171010095507.0120810t xxu||||| |||| 00| 0 eng d aMMSUcULS aApilado, Digna B.  aThe Ilocos in the shadow of The Revolution, 1898-1901cDigna B. Apilado  c1987 avii, 242 leaves c28 cm.  aThesis (MA History) -- University of the Philippines, Diliman, Quezon City  aBibliography: leaves 189-242